| 000 | 00947nam a2200205 a 4500 | ||
|---|---|---|---|
| 001 | 000981350 | ||
| 003 | AM-YeHGA | ||
| 005 | 20250618074226.0 | ||
| 008 | 130912s1896 ||| r 000 0 rus d | ||
| 040 | _aAM-YeHGA | ||
| 041 | 1 |
_arus _harm |
|
| 100 | 1 |
_aՍունդուկյան, Գաբրիել Մկրտումի, _d1825-1912 _91589 |
|
| 245 | 1 | 0 |
_aПепо : _bБытовая комедия в 3-х действиях / _cГабриэла Сундукьянца; Пер. с арм. А. Цатуряна, Ю. Веселовского со вступ. ст. Ю. Веселовского. |
| 260 |
_aМосква : _bТипо-литогр. Т-ва Кушнерев и К°, _c1896. |
||
| 300 | _a71 с. | ||
| 653 | 0 | _aАрмянская поэзия | |
| 700 | 1 |
_aԾատուրյան, Ալեքսանդր Հովսեփի, _d1865-1917 _eпер. _4trl _91663 |
|
| 700 | 1 |
_aВеселовский, Юрий _eавт. вступ. ст. _4aui |
|
| 090 | _c328671 | ||
| 999 |
_c326923 _d326923 |
||